On the edge of Earth : (Record no. 7057)

MARC details
000 -LEADER
fixed length control field 00832nac a22002171u 4500
010 ## - LIBRARY OF CONGRESS CONTROL NUMBER
LC control number 00012288
020 ## - INTERNATIONAL STANDARD BOOK NUMBER
International Standard Book Number 0813121981 (cloth : alk. paper)
082 00 - DEWEY DECIMAL CLASSIFICATION NUMBER
Classification number 387.80973
Item number LAM
090 ## - LOCALLY ASSIGNED LC-TYPE CALL NUMBER (OCLC); LOCAL CALL NUMBER (OCLC)
-- 7057
-- 7057
100 ## - MAIN ENTRY--PERSONAL NAME
Personal name Lambakis, Steven James
245 10 - TITLE STATEMENT
Title On the edge of Earth :
Remainder of title the future of American space power /
Statement of responsibility, etc Steven Lambakis.
260 ## - PUBLICATION, DISTRIBUTION, ETC. (IMPRINT)
Place of publication, distribution, etc Lexington, Ky. :
Name of publisher, distributor, etc University Press of Kentucky,2001
Date of publication, distribution, etc c2001.
300 ## - PHYSICAL DESCRIPTION
Extent xi, 365 p., [16] p. of plates :
Other physical details ill. ;
Dimensions 24 cm.
500 ## - GENERAL NOTE
General note distributer: Al-Ahram
504 ## - BIBLIOGRAPHY, ETC. NOTE
Bibliography, etc Includes bibliographical references and index.
511 ## - PARTICIPANT OR PERFORMER NOTE
Participant or performer note catalouged by: wessam
650 #0 - SUBJECT ADDED ENTRY--TOPICAL TERM
Topical term or geographic name as entry element Astronautics and state
Geographic subdivision United States.
650 #0 - SUBJECT ADDED ENTRY--TOPICAL TERM
Topical term or geographic name as entry element Astronautics
Geographic subdivision United States
General subdivision Planning.
650 #0 - SUBJECT ADDED ENTRY--TOPICAL TERM
Topical term or geographic name as entry element National security
Geographic subdivision United States.
942 ## - ADDED ENTRY ELEMENTS (KOHA)
Item type Book - Borrowing
Call number prefix 387.80973LAM
Holdings
Withdrawn status Item status Damaged status Not for loan Home library Current library Shelving location Date acquired Source of acquisition Total Checkouts Full call number Barcode Date last seen Koha item type
        Central Library Central Library First floor 07/12/2011 Purchase   387.80973LAM 000008226 15/07/2025 Book - Borrowing